Personnages animes A-Z en images - Statistiques

Statistiques générales
  • Ce quiz a été pris 669 fois
  • Le résultat moyen est 15 sur 26
Statistiques - réponses
Par images Hint Réponse % Correct
P Pikachu
96%
G Gon Freecss
83%
S Saitama
82%
T Totoro
77%
A Albator
75%
B Baki Hanma
71%
M Meliodas
69%
U Usopp
69%
O Orochimaru
68%
I Izuku Midoriya (alias Deku)
67%
Z Zenitsu Agatsuma
66%
J Joseph Joestar
60%
R Reiner Braun
60%
H Happy
57%
Y Yuji Itadori
57%
E Escanor
56%
V Violet Evergarden
55%
N Nagisa Shiota
51%
L Lelouch Lamperouge
50%
F Frieren
49%
C Candy Neige
44%
W Whis
41%
D Doraemon
31%
X Xeno Houston Wingfield
15%
K Kenta Yumiya
10%
Q Quillsh Wammy (alias Watari)
4%
Aucun quiz correspondant
Distribution des résultats
% des personnes avec chaque résultat
Percentile par nombre de réponses
Votre historique - résultats
Vous n’avez pas pris ce quiz